Space in new homes (Record no. 109943)
[ view plain ]
| 000 -LEADER | |
|---|---|
| fixed length control field | 01335cad a22002175a 4500 |
| 001 - CONTROL NUMBER | |
| control field | L148188 |
| 008 - FIXED-LENGTH DATA ELEMENTS--GENERAL INFORMATION | |
| fixed length control field | 090812s2009 xxkad f s 000 0 eng d |
| 035 ## - SYSTEM CONTROL NUMBER | |
| System control number | (Sirsi) u148188 |
| 041 0# - LANGUAGE CODE | |
| Language code of text/sound track or separate title | eng |
| 050 04 - LIBRARY OF CONGRESS CALL NUMBER | |
| Classification number | 306.6 $2 18 |
| 110 2# - MAIN ENTRY--CORPORATE NAME | |
| Corporate name or jurisdiction name as entry element | Commission for Architecture and the Built Environment |
| 9 (RLIN) | 4058 |
| 245 00 - TITLE STATEMENT | |
| Title | Space in new homes |
| Remainder of title | what residents think, summary |
| Medium | [electronic resource] |
| 260 ## - PUBLICATION, DISTRIBUTION, ETC. | |
| Place of publication, distribution, etc. | London |
| Name of publisher, distributor, etc. | CABE |
| Date of publication, distribution, etc. | 2009 |
| 520 ## - SUMMARY, ETC. | |
| Summary, etc. | Presents a summary of research on space standards in new homes in the private sector in England. Finds that many residents do not consider their home to be spacious enough for daily activities. Suggests that more space is needed in private homes for them to be functional, fit for purpose and flexible. Provides a list of recommendations for private housebuilders, for the local authorities, for registered social landlords, for the Homes and Communities Agency and for CABE. Accompanied by the full report on the web page. |
| 521 ## - TARGET AUDIENCE NOTE | |
| Target audience note | Advanced |
| 590 ## - LOCAL NOTE (RLIN) | |
| Local note | KA NTK |
| 651 #4 - SUBJECT ADDED ENTRY--GEOGRAPHIC NAME | |
| Geographic name | England |
| Chronological subdivision | 886- |
| 690 ## - LOCAL SUBJECT ADDED ENTRY--TOPICAL TERM (OCLC, RLIN) | |
| Topical term or geographic name as entry element | PROPERTY-RESIDENTIAL PROPERTY-DOMESTIC RESIDENTIAL PROPERTY |
| 856 40 - ELECTRONIC LOCATION AND ACCESS | |
| Uniform Resource Identifier | <a href="https://webarchive.nationalarchives.gov.uk/20110118095356/http://www.cabe.org.uk/files/space-in-new-homes.pdf">https://webarchive.nationalarchives.gov.uk/20110118095356/http://www.cabe.org.uk/files/space-in-new-homes.pdf</a> |
| Public note | View the research summary free of charge online at webarchive.nationalarchives.gov.uk |
| 942 ## - ADDED ENTRY ELEMENTS (KOHA) | |
| Suppress in OPAC | 0 |
| Withdrawn status | Lost status | Source of classification or shelving scheme | Damaged status | Not for loan | Home library | Current library | Shelving location | Date acquired | Total Checkouts | Full call number | Barcode | Date last seen | Copy number | Price effective from | Koha item type |
|---|---|---|---|---|---|---|---|---|---|---|---|---|---|---|---|
| Dewey Decimal Classification | Virtual | Virtual | Online | 12/08/2009 | ONLINE PUBLICATION | 148188-2001 | 06/08/2019 | 1 | 06/08/2019 | Book |